000 00469nam a2200157 a 4500
001 000034731
005 20200930073853.0
008 111019s1911 fr 000 0 spa d
040 _aDO-SdBNP
_bspa
_cBNPHU
100 1 _aZola, Emile,
_d1840-1902.
_93605
245 1 0 _aLe Réve /
_cEmile Zola ;.
260 _aParís :
_bFasquelle,
_c1911.
300 _a254 p. ;
_c18 cm.
590 _aPerteneció a la biblioteca personal de Juan Isidro Jimenes Grullón.
049 _aBNPD
999 _c34222
_d34222